| 000 | 00675nam a2200193 4500 | ||
|---|---|---|---|
| 001 | 143080 | ||
| 003 | ES-MaACL | ||
| 005 | 20250914145936.0 | ||
| 007 | t| | ||
| 008 | 070214n19201929sp r ||||1| spa d | ||
| 100 | 1 |
_aSeligman, Edwin Robert Anderson ( _d1861-1939) _9105306 |
|
| 245 | 1 | 3 |
_aLa interpretación económica de la Historia / _cpor Edwin R. A. Seligman ; estudio preliminar de Adolfo Posada y José M. Sempere. |
| 260 |
_aMadrid : _bJ. Blass y Cia., _c[192_?] |
||
| 300 |
_a247 p. ; _c18 x 12 cm. |
||
| 700 | 1 |
_aPosada, Adolfo, _d1860-1944 _993316 |
|
| 700 | 1 |
_aSempere, José María. _9105405 |
|
| 852 |
_aES-MaACL _jD-3512 |
||
| 999 |
_c143080 _d143080 |
||